000 00482cam a22001577a 4500
008 180718b2008 xxu||||| |||| 00| 0 eng d
020 _a8131601927
082 _aBA27x54 C35
100 _aChalam, K.S.
245 _aModernization and dalit education: Ambedkar's vision
_cby K.S. Chalam
260 _aJaipur
_bRawat
_c2008
300 _a200p.
650 _aDalits --Education.
650 _aEducation --Social aspects --India
650 _aAmbedkar, B. R. (Bhimrao Ramji), 1891-1956
999 _c408095
_d408095